000
00338nam a2200133Ia 4500
008
240112s1949 JULY-DEC xx 000 0 und d
041
_a
eng
082
_a
617.05
100
_a
WALTERS W.
245
_a
ARCHIVES OF SURGERY
260
_b
AMERICAN MEDICAL ASSOCIATION
_c
1949 JULY-DEC
300
_a
1382,HB
_c
(7-12)
440
_v
59
999
_c
1141361
_d
1141361